000 00511nam a2200169Ia 4500
999 _c19831
_d19831
003 OSt
005 20200707111619.0
008 190216s9999||||xx |||||||||||||| ||und||
040 _coclc
082 _a970
_bGHA/L
100 _aGachathoove, Karan
_93595
245 0 _aLatin Americayil Ekadipathyathinte Goodalochana /
_cKaran Gachathoove
260 _bSbd Publishers & Distributors,
_c1967.
300 _a137p
650 _aAmerican History
942 _cBK
_2ddc
_h970
_iGHA/L
_k970
_mGHA/L